000 00321nam a22001337a 4500
008 170404b xxu||||| |||| 00| 0 eng d
020 _a9780024216656
041 _aeng
080 _a574
100 _a9
101 _aSHM
245 _aEXPERT SYSTEMS AND APPLIEDE ARTIFICIAL INTELLIGENCE
_cFRENZEL.L.E
942 _2udc
_cBK
999 _c9656
_d9656